Missing Word: Stormy Literature Quiz Stats

 Plays Quiz Updated Mar 6, 2015

Challenge
Share
Tweet
Embed
Score 0/20 Timer 03:00
0 Plays Today
Title Word % Correct
Wuthering _____Heights
94.7%
_____ With the WindGone
90.4%
The Wind in the _____Willows
88.6%
_____ in the MistGorillas
80.4%
Roll of Thunder, _____ My CryHear
78.8%
The _____Tempest
73.1%
Snow Falling on _____Cedars
64.5%
Cloud _____Atlas
54.1%
House of _____ and FogSand
51.8%
_____ Storm RisingRed
45.6%
Title Word % Correct
The Lightning _____Thief
44.1%
The Snows of _____Kilimanjaro
42.8%
The Mists of _____Avalon
38%
A Storm of _____Swords
28.3%
Pecos Bill _____ a TornadoRides
27.3%
Henderson the Rain _____King
22.4%
The Art of _____ in the RainRacing
14.6%
A Wind in the _____Door
11%
Snow _____Crash
9.5%
The _____ of the WindName
7.5%

Today's Daily Dose

You're not logged in!

Compare scores with friends on all Sporcle quizzes.
Join for Free
OR
Log In

You Might Also Like...

Show Comments

Extras

Top Quizzes Today


Score Distribution

Your Account Isn't Verified!

In order to create a playlist on Sporcle, you need to verify the email address you used during registration. Go to your Sporcle Settings to finish the process.

Report this User

Report this user for behavior that violates our Community Guidelines.

Details: